000 00231nam a2200097Ia 4500
008 240331s9999 xx 000 0 und d
082 _bKHA
100 _aKhan,A.H
245 0 _aThen Inthiyavil communist kadchiyin thuvakkam
942 _cL
999 _c2531
_d2531